Projekt-támogató szoftveres megoldások alkalmazása nagyvállalati környezetben

Bibliográfiai részletek
Szerző: Czakó Balázs
További közreműködők: Földi Dr. Péter
Dokumentumtípus: Diplomadolgozat
Kulcsszavak:informatikai projekt(ek)
projekt(ek)
projektmenedzsment
projekttervezés
szoftverek
Online Access:http://dolgozattar.uni-bge.hu/59618

MARC

LEADER 00000nta a2200000 i 4500
001 dolg59618
005 20260409145319.0
008 260409suuuu hu om 000 hun d
040 |a BGE Dolgozattár Repozitórium  |b hun 
041 |a hu 
100 1 |a Czakó Balázs 
245 1 0 |a Projekt-támogató szoftveres megoldások alkalmazása nagyvállalati környezetben  |c Czakó Balázs  |h [elektronikus dokumentum] 
520 3 |a A dolgozat fókuszában egy magyarországi energiaipari nagyvállalatnál alkalmazott szoftveres projekt-támogató eszközök és funkcionalitásaik bemutatása áll, továbbá annak feltérképezése, hogy ezen szoftverek miként illeszkednek a szervezet sikeres projektmenedzsment gyakorlatához a feldolgozott szakirodalom tükrében. Az elvégzett primer kutatás kvalitatív módszertant követ, négy szakértői interjúra épül. A kapott eredmények rámutatnak a szoftverhasználat változatosságára, a projektvezetői preferenciák és a módszertani illeszkedés közötti összefüggésekre, valamint a gyakorlati szempontok fontosságára a szoftverek kiválasztásban. 
695 |a informatikai projekt(ek) 
695 |a projekt(ek) 
695 |a projektmenedzsment 
695 |a projekttervezés 
695 |a szoftverek 
700 1 |a Földi Dr. Péter  |e ths 
856 4 0 |u http://dolgozattar.uni-bge.hu/59618/1/Czak%C3%B3_Bal%C3%A1zs_DMJBG1_Diplomadolgozat.pdf  |z Dokumentum-elérés 
856 4 0 |u http://dolgozattar.uni-bge.hu/59618/2/DMJBG1_Titkos%C3%ADt%C3%A1si_k%C3%A9relem.pdf  |z Dokumentum-elérés 
856 4 0 |u http://dolgozattar.uni-bge.hu/59618/3/MA%20ELM%20Czak%C3%B3%20Bal%C3%A1zs.pdf  |z Dokumentum-elérés 
856 4 0 |u http://dolgozattar.uni-bge.hu/59618/4/B%C3%ADr%C3%A1lati%20lap_Msc_Czako_Bal%C3%A1zs.pdf  |z Dokumentum-elérés